Vplyv energetickej politiky na konkurencieschopnosť Európskej únie v postkrízovom období dizertačná práca

Na minha lista:
Detalhes bibliográficos
Autor principal: Bayer, Juraj
Autor Corporativo: Obchodná fakulta EU. Katedra medzinárodného obchodu
Outros Autores: Baláž, Peter
Formato: Livro
Idioma:eslovaco
Publicado em: Bratislava 2018
Assuntos:
Tags: Adicionar Tag
Sem tags, seja o primeiro a adicionar uma tag!

MARC

LEADER 00000nbm a2200000 4500
001 0241651
005 20240628125458.6
041 0 |a slo 
044 |a SK 
245 1 0 |a Vplyv energetickej politiky na konkurencieschopnosť Európskej únie v postkrízovom období  |b dizertačná práca  |c Juraj Bayer ; školiteľ: Peter Baláž 
264 1 |a Bratislava  |c 2018 
300 |a 144 s. 
610 2 0 |a politika energetická 
610 2 0 |a zdroje energie obnoviteľné 
610 2 0 |a efektívnosť 
610 2 0 |a konkurencieschopnosť 
610 2 0 |a bezpečnosť energetická 
610 2 0 |a vývoz 
610 2 0 |a Európska únia 
100 1 |a Bayer, Juraj 
700 1 |a Baláž, Peter 
710 2 |a Obchodná fakulta EU. Katedra medzinárodného obchodu